| 000 | 00357nam a2200121 a 4500 | ||
|---|---|---|---|
| 001 | 000046161 | ||
| 005 | 20201002052658.0 | ||
| 008 | 150630s1985 000 spa d | ||
| 040 |
_aDO-SdBNP _bspa _cBNPHU |
||
| 245 | 0 | _aMateriales para el congreso de reunificación comunista. | |
| 260 |
_aSanto Domingo : _bAlfa & Omega, _c1985. |
||
| 300 |
_a43 p. : ; _c17 cm. |
||
| 999 |
_c45650 _d45650 |
||